| 000 | 00741nam a2200253Ia 4500 | ||
|---|---|---|---|
| 003 | OSt | ||
| 005 | 20220918220650.0 | ||
| 006 | a|||||r|||| 00| 0 | ||
| 007 | ta | ||
| 008 | 220917b |||||||| |||| 00| 0 eng d | ||
| 024 | _a146,718 | ||
| 037 | _cTextual | ||
| 040 |
_aARTS _cARTS _beng |
||
| 041 |
_2eng _aeng |
||
| 082 | _aY49(J).31.N, M1 | ||
| 100 |
_aKussmaul Ann _9138037 |
||
| 245 | 0 | _aServants in husbandary in early modern England | |
| 260 |
_aCambridge _bCambridge University Press _c1981 |
||
| 300 |
_axii, 233p. 27 tables _ccm. |
||
| 490 | _aInterdisciplinary perspectives on modern history; 4 | ||
| 650 | _aSOCIOLOGY | ||
| 942 |
_hY49(J).31.N, M1 _cTEXL _2CC |
||
| 999 |
_c269474 _d269474 |
||